Plant disease problems: Proceedings of the first international symposium on plant pathology (Record no. 21625)

MARC details
000 -LEADER
fixed length control field 00437nam a2200133Ia 4500
082 ## - DEWEY DECIMAL CLASSIFICATION NUMBER
Classification number 581.2(06)
Item number RAY
245 #0 - TITLE STATEMENT
Title Plant disease problems: Proceedings of the first international symposium on plant pathology
260 ## - PUBLICATION, DISTRIBUTION, ETC. (IMPRINT)
Place of publication New Delhi
Name of publisher Indian Phytopathological Society
Year of publication 1970
650 ## - SUBJECT ADDED ENTRY--TOPICAL TERM
Topical Term Plant diseases
650 ## - SUBJECT ADDED ENTRY--TOPICAL TERM
Topical Term Plantation crop disease
700 ## - ADDED ENTRY--PERSONAL NAME
Personal name RAYCHAUDHURI, S R
942 ## - ADDED ENTRY ELEMENTS (KOHA)
Koha item type Books
Holdings
Withdrawn status Lost status Damaged status Not for loan Home library Current library Date acquired Full call number Accession Number Koha item type
        RRII Library RRII Library 16/12/2021 581.2(06) RAY 02342 Books